Liderança como Factor de Sucesso nas Organizações (Record no. 2268)

MARC details
000 -Etiqueta do registo
Campo de controlo de comprimento fixo 00615 a2200217 4500
020 ## - ISBN (NÚMERO DE LIVRO PADRÃO INTERNACIONAL)
ISBN S/N
040 ## - Fonte de Catalogação
Agência de catalogação Biblioteca de Posgraduação- Universidade Lusíada de Angola
082 ## - DEWEY DECIMAL CLASSIFICATION NUMBER
Classificador- CDU 043.2
082 ## - DEWEY DECIMAL CLASSIFICATION NUMBER
Classificador- CDU 658/SAM/L
100 ## - Nome Pessoal
9 (RLIN) 1092
Autor SAMBO, Dilson Octávio Manuel
245 ## - Declaração de Título
Título Liderança como Factor de Sucesso nas Organizações
246 ## - Variantes do título
Título proposto/título curto Estudo do Caso: Direção Municipal de Educação do Cazenga (2022 - 2023)
250 ## - Indicação da edição
Edição S/N
260 ## - Publicação e Destribuíção
Local de edição/distribuição Luanda
Data de edição/distribuição 2022
300 ## - Descrição Física
Nº Pág. 81p.
600 #0 - Nome pessoal
Autor SAMBO, Dilson Octávio Manuel
650 ## - MATERIA
MATERIA Gestão de Recursos Humanos
700 ## - Entrada secundária - Nome pessoal
Autor Dilson Octávio Manuel SAMBO,
942 ## - - Elementos de entrada adicionados (koha)
Tipo de documento Dissertações de Grado e Mestrado
Holdings
Withdrawn status Lost status Source of classification or shelving scheme Damaged status Not for loan Permanent Location Current Location Date acquired Total Checkouts Full call number Date last seen Price effective from Koha item type
    Dewey Decimal Classification     Biblioteca Geral- Universidade Lusíada de Angola Biblioteca Geral- Universidade Lusíada de Angola 27/04/2026     27/04/2026 27/04/2026 Dissertações de Grado e Mestrado
    Dewey Decimal Classification     Biblioteca de Posgraduação- Universidade Lusíada de Angola Biblioteca de Posgraduação- Universidade Lusíada de Angola 27/04/2026   043.2 658/SAM/L 27/04/2026 27/04/2026 Dissertações de Grado e Mestrado